Online Catalogue and eLibrary

Count of monta Kristo : (Record no. 5157)

MARC details
000 -LEADER
fixed length control field 00419nam a2200157Ia 4500
005 - DATE AND TIME OF LATEST TRANSACTION
control field 20250702020527.0
008 - FIXED-LENGTH DATA ELEMENTS--GENERAL INFORMATION
fixed length control field 240331s9999 xx 000 0 und d
020 ## - INTERNATIONAL STANDARD BOOK NUMBER
ISBN 9552103940
082 ## - DDC Classification
Item Number - Author Mark DOO
Class No. 800
100 ## - MAIN ENTRY--PERSONAL NAME
Personal name Dooma,A
245 #0 - TITLE STATEMENT
Title Count of monta Kristo :
Remainder of title Deva hasthaya
260 ## - PUBLICATION, DISTRIBUTION, ETC.
Place of publication, distribution, etc. Colombo
Name of publisher, distributor, etc. M.D.Gunasena Book & Co
Date of publication, distribution, etc. 1989
300 ## - PHYSICAL DESCRIPTION
Extent (e.g. Volumes, Pages etc.) 378 p .,
500 ## - GENERAL NOTE
General note An abridged version of the new Story
942 ## - Koha item type (Biblio)
Koha item type Books in Stacks (Lending)
Holdings
Lost status Damaged status Collection code Home library Current library Shelving location Date acquired Full call number Accession Number Item type
    Lending WERC Library WERC Library Social Science Cupboard 03/31/2024 800 DOO 1355 Books in Stacks (Lending)

© WERC Library